Organizational Behavior / (Record no. 14751)
[ view plain ]
| 000 -LEADER | |
|---|---|
| fixed length control field | 00812cam a22002295a 4500 |
| 001 - CONTROL NUMBER | |
| control field | 15122679 |
| 005 - DATE AND TIME OF LATEST TRANSACTION | |
| control field | 20171221105950.0 |
| 008 - FIXED-LENGTH DATA ELEMENTS--GENERAL INFORMATION | |
| fixed length control field | 071227t2011 njua frb 001 0 eng d |
| 020 ## - INTERNATIONAL STANDARD BOOK NUMBER | |
| International Standard Book Number | 0138000409 |
| 020 ## - INTERNATIONAL STANDARD BOOK NUMBER | |
| International Standard Book Number | 9780138000400 |
| 040 ## - CATALOGING SOURCE | |
| Original cataloging agency | DLC |
| Language of cataloging | eng |
| Transcribing agency | DLC |
| Modifying agency | YDX |
| -- | YDXCP |
| -- | BAKER |
| -- | UKM |
| -- | BTCTA |
| -- | DLC |
| -- | EG-ScBUE |
| 082 04 - DEWEY DECIMAL CLASSIFICATION NUMBER | |
| Classification number | 658.3 |
| Item number | ROB |
| Edition number | 22 |
| 100 1# - MAIN ENTRY--PERSONAL NAME | |
| Personal name | Robbins, Stephen P., |
| Dates associated with a name | 1943- |
| 9 (RLIN) | 20090 |
| 245 10 - TITLE STATEMENT | |
| Title | Organizational Behavior / |
| Statement of responsibility, etc | Stephen P. Robbins, Timothy A. Judge. |
| 250 ## - EDITION STATEMENT | |
| Edition statement | 14th ed., Global ed. |
| 260 ## - PUBLICATION, DISTRIBUTION, ETC. (IMPRINT) | |
| Place of publication, distribution, etc | Upper Saddle River : |
| Name of publisher, distributor, etc | Pearson Prentice Hall, |
| Date of publication, distribution, etc | c.2011. |
| 300 ## - PHYSICAL DESCRIPTION | |
| Extent | 720 p. : |
| Other physical details | ill. ; |
| Dimensions | 29 cm. |
| 504 ## - BIBLIOGRAPHY, ETC. NOTE | |
| Bibliography, etc | Includes bibliographical references and indexes. |
| 650 #7 - SUBJECT ADDED ENTRY--TOPICAL TERM | |
| Topical term or geographic name as entry element | Organizational behavior. |
| 9 (RLIN) | 4617 |
| Source of heading or term | BUEsh |
| 653 ## - INDEX TERM--UNCONTROLLED | |
| Resource For college | BAEPS, Business Administration |
| Arrived date list | August2015 |
| -- | December2017 |
| 700 1# - ADDED ENTRY--PERSONAL NAME | |
| Personal name | Judge, Timothy A. |
| 9 (RLIN) | 20092 |
| Withdrawn status | Item status | Source of classification or shelving scheme | Damaged status | Not for loan | Vendor | Home library | Current library | Shelving location | Date acquired | Source of acquisition | Total Checkouts | Total Renewals | Full call number | Barcode | Date last seen | Date last borrowed | Koha item type | Materials specified (bound volume or other part) | Cost, normal purchase price | Cost, replacement price |
|---|---|---|---|---|---|---|---|---|---|---|---|---|---|---|---|---|---|---|---|---|
| Dewey Decimal Classification | Baccah | Central Library | Central Library | First floor | 05/10/2010 | 7 | 1 | 658.3 ROB | 000021769 | 15/07/2025 | 27/10/2013 | Book - Borrowing | ||||||||
| Lost | Dewey Decimal Classification | Baccah | Central Library | Central Library | First floor | 07/10/2010 | 4 | 658.3 ROB | 000022356 | 08/03/2011 | 07/03/2011 | NB - Book (Non borrowing) | Lost In Inventory_2005-2015/8/22 | |||||||
| Dewey Decimal Classification | Baccah | Central Library | Central Library | First floor | 07/10/2010 | 15 | 10 | 658.3 ROB | 000022361 | 15/07/2025 | 14/11/2017 | Book - Borrowing | ||||||||
| Dewey Decimal Classification | Baccah | Central Library | Central Library | First floor | 07/10/2010 | 7 | 63 | 658.3 ROB | 000022360 | 15/07/2025 | 19/02/2012 | Book - Borrowing | ||||||||
| Dewey Decimal Classification | Baccah | Central Library | Central Library | First floor | 07/10/2010 | 9 | 30 | 658.3 ROB | 000022357 | 15/07/2025 | 19/02/2012 | Book - Borrowing | ||||||||
| Dewey Decimal Classification | Baccah | Central Library | Central Library | First floor | 07/10/2010 | 14 | 11 | 658.3 ROB | 000022358 | 15/07/2025 | 17/12/2014 | Book - Borrowing | ||||||||
| Dewey Decimal Classification | Baccah | Central Library | Central Library | First floor | 07/10/2010 | 8 | 20 | 658.3 ROB | 000022359 | 15/07/2025 | 29/09/2016 | Book - Borrowing | ||||||||
| Lost | Dewey Decimal Classification | Baccah | Central Library | Central Library | First floor | 07/10/2010 | 8 | 21 | 658.3 ROB | 000022342 | 23/06/2013 | 22/04/2012 | Book - Borrowing | Lost In Inventory_2005-2015/8/22 | ||||||
| Dewey Decimal Classification | Baccah | Central Library | Central Library | First floor | 07/10/2010 | 8 | 21 | 658.3 ROB | 000022343 | 15/07/2025 | 08/11/2016 | Book - Borrowing | ||||||||
| Lost | Dewey Decimal Classification | Baccah | Central Library | Central Library | First floor | 30/10/2011 | 1 | 2 | 658.3 ROB | 000025524 | 05/03/2012 | 12/02/2012 | Book - Borrowing | Lost In Inventory_2005-2015/8/22 | 266.00 | 332.50 | ||||
| Dewey Decimal Classification | Baccah | Central Library | Central Library | First floor | 30/10/2011 | Purchase | 5 | 13 | 658.3 ROB | 000025525 | 12/01/2026 | 03/10/2013 | Book - Borrowing | |||||||
| Dewey Decimal Classification | Central Library | Central Library | First floor | 21/11/2017 | 2 | 1 | 658.3 ROB | 000042277 | 15/07/2025 | 14/01/2019 | Book - Borrowing | |||||||||
| Dewey Decimal Classification | Central Library | Central Library | First floor | 21/12/2017 | 658.3 ROB | 000046964 | 15/07/2025 | Book - Borrowing |